000 00308nam a2200121Ia 4500
008 190216s9999||||xx |||||||||||||| ||und||
100 _aThomas C J
245 0 _aAa Manushian Nee Tanne
260 _bSahithya Pravarthaka Sahakarana Sangam
_c1996
300 _a76p
650 _aMalayalam Nadakam
942 _cBK
999 _c26128
_d26128